[Event "SRB-chT 2nd League East"]
[Site "Knic"]
[Date "2019.09.07"]
[Round "3.8"]
[White "Micovic, Nikola"]
[Black "Carapic, Srdjan"]
[Result "0-1"]
[WhiteElo "1774"]
[BlackElo "1926"]
[PlyCount "132"]
[EventDate "2019.09.06"]
[EventType "team-tourn"]
[EventRounds "11"]
[EventCountry "SRB"]
[SourceTitle "EXT 2020"]
[Source "ChessBase"]
[SourceDate "2019.10.17"]
[SourceVersion "1"]
[SourceVersionDate "2019.10.17"]
[SourceQuality "1"]
[WhiteTeam "Leskovac Glubocica"]
[BlackTeam "Kursumlija"]
[WhiteTeamCountry "SRB"]
[BlackTeamCountry "SRB"]

1. e4 c5 2. Nf3 Nc6 3. d4 cxd4 4. Nxd4 g6 5. Nc3 Bg7 6. Be3 d6 7. Be2 Nf6 8. 0-0 0-0 9. h3 Bd7 10. Re1 a6 11. Bf1 Rc8 12. Rb1 Qa5 13. Nb3 Qc7 14. Qd2 Ne5 15. Bh6 b5 16. Bxg7 Kxg7 17. a3 Be6 18. Nc1 Rfd8 19. Qe3 Nc4 20. Bxc4 Bxc4 21. Nd3 Be6 22. Nf4 Rd7 23. Rbc1 Qc4 24. Nd3 Rdc7 25. Qb6 Rc6 26. Qa5 Qd4 27. e5 dxe5 28. Nxe5 Rd6 29. Nf3 Qf4 30. Ne2 Qc4 31. Ne5 Qc5 32. Nd3 Qg5 33. Nef4 Bf5 34. Qd2 Kg8 35. Qe3 Rc7 36. Qf3 Bxd3 37. Nxd3 Kg7 38. Kh2 Qd5 39. Ne5 Re6 40. Qf4 Rc5 41. Rcd1 Qb7 42. c3 Qc7 43. Nd3 Qxf4+ 44. Nxf4 Rxe1 45. Rxe1 e6 46. g3 Rc6 47. Rd1 Ne4 48. Kg2 Rd6 49. Rd3 e5 50. Rxd6 Nxd6 51. Nd3 Nc4 52. Kf3 f5 53. Ke2 Kf6 54. b3 Nxa3 55. Kd2 a5 56. Kc1 e4 57. Nc5 g5 58. Kb2 b4 59. c4 h5 60. Nb7 f4 61. gxf4 gxf4 62. Nxa5 e3 63. fxe3 f3 64. Nc6 f2 65. Nxb4 Nxc4+ 66. bxc4 f1Q 0-1